000 00495nam a2200181Ia 4500
005 20250326144131.0
008 250326s9999 xx 000 0 und d
037 _aTextbook
040 _aFMSL
_beng
_cFMSL
041 _aeng
_2eng
084 _aX65:326 L0
_qFMSL
100 _aQuirin G D
_9749106
245 0 _aCapital expenditure decision
_cQuirin G D
260 _aUSA
_bUSA, Richard D Irwin
_c1967
300 _a258p
942 _cTB
_hX65:326 L0
999 _c1302498
_d1302498